| 000 -LEADER |
| fixed length control field |
00607nam a22002177a 4500 |
| 001 - CONTROL NUMBER |
| control field |
18509 |
| 003 - CONTROL NUMBER IDENTIFIER |
| control field |
BD-DhUAP |
| 005 - DATE AND TIME OF LATEST TRANSACTION |
| control field |
20200316130655.0 |
| 008 - FIXED-LENGTH DATA ELEMENTS--GENERAL INFORMATION |
| fixed length control field |
200316s2009 bg ||||| |||| 00| 0 eng d |
| 020 ## - INTERNATIONAL STANDARD BOOK NUMBER |
| International Standard Book Number |
9847002000697 |
| 040 ## - CATALOGING SOURCE |
| Original cataloging agency |
BD-DhUAP |
| Language of cataloging |
Eng |
| Transcribing agency |
BD-DhUAP |
| Modifying agency |
BD-DhUAP |
| 082 ## - DEWEY DECIMAL CLASSIFICATION NUMBER |
| Edition number |
23 |
| Classification number |
822.912 SYN |
| 100 ## - MAIN ENTRY--PERSONAL NAME |
| Personal name |
Synge, J. M. |
| 245 ## - TITLE STATEMENT |
| Title |
The playboy of the western world / |
| Statement of responsibility, etc. |
J. M. Synge ; edited by Ramji Lall. |
| 250 ## - EDITION STATEMENT |
| Edition statement |
New ed. |
| 260 ## - PUBLICATION, DISTRIBUTION, ETC. |
| Place of publication, distribution, etc. |
Dhaka : |
| Name of publisher, distributor, etc. |
friends' book corner, |
| Date of publication, distribution, etc. |
c2009. |
| 300 ## - PHYSICAL DESCRIPTION |
| Extent |
x, 430 pages ; |
| Dimensions |
22 cm. |
| 650 ## - SUBJECT ADDED ENTRY--TOPICAL TERM |
| Topical term or geographic name entry element |
English drama. |
| 700 ## - ADDED ENTRY--PERSONAL NAME |
| Personal name |
Lall, Ramji. |
| 942 ## - ADDED ENTRY ELEMENTS (KOHA) |
| Source of classification or shelving scheme |
|
| Koha item type |
Book |